000 00629nam a2200229Ia 4500
003 OSt
005 20221007081511.0
006 a|||||r|||| 00| 0
007 ta
008 221006b |||||||| |||| 00| 0 eng d
024 _a27,515
037 _cReports / Technical Reports
040 _aFLL
_cFLL
_beng
041 _2eng
_aeng
082 _aZ58,5, L6
100 _aJuviler Peter H.
_9697430
245 0 _aRevolutionary law and order
260 _aNew York
_bThe Free Press
300 _axii,274p
_ccm.
942 _hZ58,5, L6
_cREP
_2CC
999 _c1163259
_d1163259